<?xml version="1.0" encoding="UTF-8"?>
<record
    xmlns:xsi="http://www.w3.org/2001/XMLSchema-instance"
    xsi:schemaLocation="http://www.loc.gov/MARC21/slim http://www.loc.gov/standards/marcxml/schema/MARC21slim.xsd"
    xmlns="http://www.loc.gov/MARC21/slim">

  <leader>     cam a22     7i 4500</leader>
  <datafield tag="999" ind1=" " ind2=" ">
    <subfield code="c">7208</subfield>
    <subfield code="d">7208</subfield>
  </datafield>
  <controlfield tag="003">OSt</controlfield>
  <controlfield tag="005">20190122140630.0</controlfield>
  <controlfield tag="008">190122e201803  spc ||||||||| 0|0 | spa|d</controlfield>
  <datafield tag="017" ind1=" " ind2=" ">
    <subfield code="a">DL B 1848-2018</subfield>
    <subfield code="b">Biblioteca de Catalunya</subfield>
  </datafield>
  <datafield tag="020" ind1=" " ind2=" ">
    <subfield code="a">9788490568248</subfield>
  </datafield>
  <datafield tag="040" ind1=" " ind2=" ">
    <subfield code="a">ES-BaURL</subfield>
    <subfield code="b">cat</subfield>
    <subfield code="c">CDMR</subfield>
  </datafield>
  <datafield tag="100" ind1="1" ind2=" ">
    <subfield code="a">Campo Vidal, Manuel</subfield>
    <subfield code="9">32</subfield>
  </datafield>
  <datafield tag="245" ind1="1" ind2="0">
    <subfield code="a">Eres lo que comunicas </subfield>
    <subfield code="b">: los diez mandamientos del buen comunicador /</subfield>
    <subfield code="c">Manuel Campo Vidal</subfield>
  </datafield>
  <datafield tag="260" ind1=" " ind2=" ">
    <subfield code="a">Barcelona :</subfield>
    <subfield code="b">RBA Libros,</subfield>
    <subfield code="c">2018</subfield>
  </datafield>
  <datafield tag="300" ind1=" " ind2=" ">
    <subfield code="a">204 p. ;</subfield>
    <subfield code="c">21 cm</subfield>
  </datafield>
  <datafield tag="500" ind1=" " ind2=" ">
    <subfield code="a">Reimpressions: 2018</subfield>
  </datafield>
  <datafield tag="650" ind1=" " ind2="7">
    <subfield code="a">Comunicaci&#xF3;</subfield>
    <subfield code="2">lemac</subfield>
    <subfield code="9">4470</subfield>
  </datafield>
  <datafield tag="650" ind1=" " ind2="7">
    <subfield code="a">Art de parlar en p&#xFA;blic</subfield>
    <subfield code="2">lemac</subfield>
    <subfield code="9">3132</subfield>
  </datafield>
  <datafield tag="650" ind1=" " ind2="4">
    <subfield code="a">Orat&#xF2;ria</subfield>
    <subfield code="9">3131</subfield>
  </datafield>
  <datafield tag="650" ind1=" " ind2="7">
    <subfield code="a">Comunicaci&#xF3; oral</subfield>
    <subfield code="x">Metodologia</subfield>
    <subfield code="9">3130</subfield>
  </datafield>
  <datafield tag="942" ind1=" " ind2=" ">
    <subfield code="c">MON</subfield>
  </datafield>
  <datafield tag="952" ind1=" " ind2=" ">
    <subfield code="0">0</subfield>
    <subfield code="1">0</subfield>
    <subfield code="4">0</subfield>
    <subfield code="7">0</subfield>
    <subfield code="a">CDMR</subfield>
    <subfield code="b">CDMR</subfield>
    <subfield code="d">2019-01-22</subfield>
    <subfield code="e">Intercanvi</subfield>
    <subfield code="g">15.00</subfield>
    <subfield code="l">6</subfield>
    <subfield code="m">4</subfield>
    <subfield code="o">Ca 1/46</subfield>
    <subfield code="p">CDMR19010003</subfield>
    <subfield code="r">2022-01-11</subfield>
    <subfield code="s">2021-11-16</subfield>
    <subfield code="v">15.00</subfield>
    <subfield code="w">2019-01-22</subfield>
    <subfield code="y">MON</subfield>
  </datafield>
</record>
